000 00927nam a22002417a 4500
999 _c5090
_d5090
003 AR-CdUCM
008 190312b ||||| |||| 00| 0 spa d
020 _a84-205-0563-3
040 _aMUNICIPALIDAD PROVINCIAL DEL CUSCO
_cBIBLIOTECA MUNICIPAL DEL CUSCO
082 _a460 /
_bB24
100 _aBarinaga, Augusto
_915489
245 _aCerca de la comunicación :
_bbases idiomáticas para la cultura superior /
260 _aEspaña :
_bAlhambra,
_c1975.
300 _a500 páginas ;
_bilustraciones ;
_c26 cm.
440 _aProyecto Alhambra mt62.
_nSerie A
_915490
505 _aContenido: Orígenes y etimología del léxico español -- Definción del significado léxico español -- Acepciones o polisemia -- Sinónimos -- Antónimos ...
650 _aLéxico español
_915491
650 _aVocavilario
_915492
650 _aGrámatica
_99175
650 _aLengua español
_915493
942 _2ddc
_cLIBROS
945 _azta